Aventura - Obsesión lyrics - Statistics

General Stats
  • This quiz has been taken 33 times
  • The average score is 24 of 59
Answer Stats
Hint Answer % Correct
Son las cinco en la mañana, y yo no he ... nada dormido
93%
Y hasta que no seas mía, no viviré en ... paz
85%
Pensando en tu ..., loco voy a parar belleza
74%
Hoy conocí tu novio, ... y no buen mozo pequeño
74%
Shh, solo ... escucha
70%
Y sé que él no te ..., por su forma de hablar quiere
70%
El insomnio es mi castigo, tu ... será my alivio amor
67%
No, no es ... amor
67%
Lo que tú sientes se llama ... obsesión
67%
..., tú no lo amas, porque él no da la talla Ademas
63%
Que te hace hacer ... cosas
59%
una ... en tu pensamiento illusión
59%
Pero no tenía tu ... número
59%
porque él no es ... competencia
56%
Por ... no hay motivos eso
56%
Así ... el corazón funciona
56%
Pero ... paciencia tendré
56%
... ? Hello
52%
no sabe ... como lo haría yo complacerte
48%
No,
No ... amor es
48%
me informan que te ..., fuiste
48%
Lo que tú sientes se ... obsesión llama
48%
Así funciona el ... corazón
44%
No puedo, tengo ... novio
44%
... busqué y no te encontraba, y eso me preocupaba Te
44%
Del celular llamaba, y tú no ... contestabas
41%
Que te hace ... cosas hacer
41%
Yo sé que le gustaba, y le di una ... mirada
41%
Con par de ..., tu numéro me dio palabritas
41%
Mi ... esperanza única
41%
Bien ... en mi Lexus, pasé por tu colegio vestido
41%
Para calmar mi ..., yo te quería llamar ansia
37%
como un ... te fui a alcanzar loco
37%
Es que oigas mis ... palabras
37%
Una ilusión en tu ... pensamiento
37%
Y eso me trajo la ... solución
37%
Y tu amiga ... me ayudó ya
33%
Pues ya no tengo ... por solo hablar de ti amigos
30%
Lo que quiero es hablarte, para intentar ... besarte
30%
No me ..., por favor enganches
30%
No es ..., no es ... amor
26%
Luego te puse un ... y no había conexión beeper
26%
¿Será posible que de una ... me pueda morir? obsesión
26%
Es una ... obsesión
26%
Pero es que en el amor soy muy ... original
22%
No enamoro como ..., conquisto a mi modo otros
22%
... es mi talento, te voy a enamorar Amar
19%
Hagamos mil ... locuras
19%
Con ... de detalles, escucha mi versión lujo
19%
para yo ... respetarlo
19%
Ven, ... una aventura vive
19%
Pura crema y chocolate, untarte y ... devorarte
15%
Voy a ... caricias hacerte
15%
Que no se han ... inventado
15%
Llevarte a otro ... en tu mente, corazón mundo
15%
Hice cita pa'l ..., a ver si me ayudaba psiquiatra
15%
Disculpa si te ..., pero es que soy honesto ofendo
11%
Y ... pienses que soy tonto, privón y también loco quizás
11%
Son las cosas que ... va pensando uno
0%
No matching quizzes found
Score Distribution
Percent of People with Each Score
Percentile by Number Answered
Your Score History
You have not taken this quiz